000 00791nam a2200253Ia 4500
003 OSt
005 20220923212723.0
006 a|||||r|||| 00| 0
007 ta
008 220922b |||||||| |||| 00| 0 hin d
024 _a155,611
037 _cTextual
040 _aARTS
_cARTS
_bhin
041 _2hin
_ahin
082 _aO15,2D70,2, 152L3
100 _aभवभूति, संपा.
245 0 _aमालतीमाधवम्
246 _aMālatīmādhavam
260 _aइलाहाबाद
_b लोकभरती प्रकाशन
_c1973
300 _a209 पृ.
_ccm.
650 _aसंस्कृत साहित्य
942 _hO15,2D70,2, 152L3
_cTEXL
_2CC
999 _c311091
_d311091